<?xml version="1.0" encoding="UTF-8"?><?xml-stylesheet type="text/xsl" href="static/style.xsl"?><OAI-PMH xmlns="http://www.openarchives.org/OAI/2.0/" xmlns:xsi="http://www.w3.org/2001/XMLSchema-instance" xsi:schemaLocation="http://www.openarchives.org/OAI/2.0/ http://www.openarchives.org/OAI/2.0/OAI-PMH.xsd"><responseDate>2026-04-17T07:39:31Z</responseDate><request verb="GetRecord" identifier="oai:www.recercat.cat:2445/221835" metadataPrefix="marc">https://recercat.cat/oai/request</request><GetRecord><record><header><identifier>oai:recercat.cat:2445/221835</identifier><datestamp>2025-12-05T14:43:01Z</datestamp><setSpec>com_2072_1057</setSpec><setSpec>col_2072_478917</setSpec><setSpec>col_2072_478922</setSpec></header><metadata><record xmlns="http://www.loc.gov/MARC21/slim" xmlns:dcterms="http://purl.org/dc/terms/" xmlns:xsi="http://www.w3.org/2001/XMLSchema-instance" xmlns:doc="http://www.lyncode.com/xoai" xsi:schemaLocation="http://www.loc.gov/MARC21/slim http://www.loc.gov/standards/marcxml/schema/MARC21slim.xsd">
   <leader>00925njm 22002777a 4500</leader>
   <datafield ind2=" " ind1=" " tag="042">
      <subfield code="a">dc</subfield>
   </datafield>
   <datafield ind2=" " ind1=" " tag="720">
      <subfield code="a">Rodríguez Rodríguez, Julio</subfield>
      <subfield code="e">author</subfield>
   </datafield>
   <datafield ind2=" " ind1=" " tag="720">
      <subfield code="a">Mateos Inchaurrondo, Ainoa</subfield>
      <subfield code="e">author</subfield>
   </datafield>
   <datafield ind2=" " ind1=" " tag="720">
      <subfield code="a">Ortega Ortigoza, Daniel</subfield>
      <subfield code="e">author</subfield>
   </datafield>
   <datafield ind2=" " ind1=" " tag="260">
      <subfield code="c">2025-06-27T12:40:51Z</subfield>
   </datafield>
   <datafield ind2=" " ind1=" " tag="260">
      <subfield code="c">2025-06-27T12:40:51Z</subfield>
   </datafield>
   <datafield ind2=" " ind1=" " tag="260">
      <subfield code="c">2025-06-21</subfield>
   </datafield>
   <datafield ind2=" " ind1=" " tag="260">
      <subfield code="c">2025-06-27T12:40:51Z</subfield>
   </datafield>
   <datafield ind2=" " ind1=" " tag="520">
      <subfield code="a">La aceptación pública de la homosexualidad continúa siendo cuestionada, existiendo actitudes negativas sutiles y manifiestas. Hacerse visible como gay o lesbiana conlleva algunas dificultades, porque socialmente se presupone la heterosexualidad en hombres y mujeres. Crecer en un entorno familiar con unos vínculos afectivos positivos funciona como una base segura que favorecería una visibilización positiva. Esta investigación tuvo como objetivo identificar los elementos de apoyo y las limitaciones en la visibilización de personas adultas cisgénero gais y lesbianas en Cataluña (España), y clasificar sus estilos de apego. Se realizó un estudio cuantitativo en el que participaron 241 hombres gais (n=121) y mujeres lesbianas (n=120). Se utilizaron como instrumentos una encuesta ad hoc y el cuestionario de apego adulto CaMir-R. Los resultados señalan que la visibilización es un proceso complejo. Los elementos facilitadores se agrupan en dos temáticas: las relaciones y el apoyo emocional, mientras que las limitaciones se organizan en tres: la diversidad y las relaciones, la identidad y la percepción social, la discriminación y la adversidad, y la falta de apoyo. Por otra parte, el estilo de apego seguro es el más frecuente (59.3%) frente al preocupado (26.1%) o el evitativo (14.5%). Las dificultades significativas están presentes en los apegos inseguros, mientras que los apoyos significativos están presentes en el apego seguro y el evitativo. En conclusión, conocer las experiencias de gais y lesbianas debe alentar a promocionar elementos protectores como los vínculos afectivos familiares y sociales que favorezcan un proceso de autoafirmación positivo. </subfield>
   </datafield>
   <datafield tag="653" ind2=" " ind1=" ">
      <subfield code="a">Homofòbia</subfield>
   </datafield>
   <datafield tag="653" ind2=" " ind1=" ">
      <subfield code="a">Prejudicis</subfield>
   </datafield>
   <datafield tag="653" ind2=" " ind1=" ">
      <subfield code="a">Minories sexuals</subfield>
   </datafield>
   <datafield tag="653" ind2=" " ind1=" ">
      <subfield code="a">Catalunya</subfield>
   </datafield>
   <datafield tag="653" ind2=" " ind1=" ">
      <subfield code="a">Família</subfield>
   </datafield>
   <datafield tag="653" ind2=" " ind1=" ">
      <subfield code="a">Homophobia</subfield>
   </datafield>
   <datafield tag="653" ind2=" " ind1=" ">
      <subfield code="a">Prejudices</subfield>
   </datafield>
   <datafield tag="653" ind2=" " ind1=" ">
      <subfield code="a">Sexual minorities</subfield>
   </datafield>
   <datafield tag="653" ind2=" " ind1=" ">
      <subfield code="a">Catalonia</subfield>
   </datafield>
   <datafield tag="653" ind2=" " ind1=" ">
      <subfield code="a">Family</subfield>
   </datafield>
   <datafield ind2="0" ind1="0" tag="245">
      <subfield code="a">"Sonrisas y lágrimas": limitaciones, apoyos y estilos de apego en la visibilización de personas gais y lesbianas</subfield>
   </datafield>
   <datafield ind2="0" ind1="0" tag="245">
      <subfield code="a">“Smiles and tears”: constraints, supports and attachment styles in the visibilisation of gays and lesbians</subfield>
   </datafield>
</record></metadata></record></GetRecord></OAI-PMH>